[Event "Pan American-ch School U11 12th"]
[Site "Callao"]
[Date "2023.10.16"]
[Round "2"]
[White "Gao, Heye"]
[Black "Diaz Valles, Favio Adrian"]
[Result "1-0"]
[WhiteElo "1508"]
[BlackElo "1133"]
[PlyCount "79"]
[EventDate "2023.10.16"]
[EventType "swiss"]
[EventRounds "9"]
[EventCountry "PER"]
[SourceTitle "CB48_2023"]
[SourceDate "2023.11.29"]
[SourceVersion "1"]
[SourceVersionDate "2023.11.29"]
[SourceQuality "1"]

1. e4 c5 2. Nf3 e6 3. d4 cxd4 4. Nxd4 Nf6 5. f3 Nc6 6. c4 a6 7. Nc3 Qc7 8. Be3 Bb4 9. Rc1 0-0 10. Be2 Ne5 11. a3 Ba5 12. 0-0 Bb6 13. f4 Nc6 14. e5 Ne8 15. b4 Nxd4 16. Bxd4 Bxd4+ 17. Qxd4 b6 18. Na4 Rb8 19. c5 b5 20. Nb6 f6 21. Rcd1 fxe5 22. fxe5 Rxf1+ 23. Rxf1 Qd8 24. Qf4 Qe7 25. Bf3 g6 26. Be4 Ng7 27. g4 Ne8 28. Qh6 a5 29. Nd5 Qg7 30. Qxg7+ Kxg7 31. Nf6 Nxf6 32. exf6+ Kf7 33. bxa5 b4 34. axb4 Rxb4 35. Bf3 Rc4 36. Ra1 Ba6 37. Be2 Rxc5 38. Bxa6 Kxf6 39. Bb7 Rc7 40. a6 1-0